Biggest Cities in the U.S. in 1950 - Map With Only Cities - Statistics

General Stats
  • This quiz has been taken 134 times
  • The average score is 19 of 20
Answers on the Map
Answers color-coded by a green-red scale on the quiz's map according to % correct below.
 
Answer Stats
Population Answer % Correct
801,444 Boston
100%
7,891,957 New York
100%
775,357 San Francisco
99%
1,970,358 Los Angeles
98%
2,071,605 Philadelphia
98%
3,620,962 Chicago
97%
1,849,568 Detroit
97%
467,591 Seattle
97%
596,163 Houston
96%
521,718 Minneapolis
94%
570,445 New Orleans
94%
914,808 Cleveland
93%
802,178 Washington
93%
637,392 Milwaukee
92%
856,796 St. Louis
91%
949,708 Baltimore
89%
676,806 Pittsburgh
88%
580,132 Buffalo
86%
503,998 Cincinnati
84%
456,622 Kansas City
84%
No matching quizzes found
Score Distribution
Percent of People with Each Score
Percentile by Number Answered
Your Score History
You have not taken this quiz